Management of international operations : Text and cases

Uloženo v:
Podrobná bibliografie
Hlavní autor: Fayerweather, John
Médium: Kniha
Jazyk:Undetermined
Vydáno: New York: McGraw-Hill 1960
Témata:
Tagy: Přidat tag
Žádné tagy, Buďte první, kdo otaguje tento záznam!
Thư viện lưu trữ: Trung tâm Học liệu Trường Đại học Cần Thơ
LEADER 00534nam a2200193Ia 4500
001 CTU_97887
008 210402s9999 xx 000 0 und d
082 |a 658.16 
082 |b F283 
100 |a Fayerweather, John 
245 0 |a Management of international operations : 
245 0 |b Text and cases 
245 0 |c John Fayerweather 
260 |a New York: 
260 |b McGraw-Hill 
260 |c 1960 
650 |a International business enterprises. 
904 |i Năm 
980 |a Trung tâm Học liệu Trường Đại học Cần Thơ